Možnosti využitia kvalimetrických metód pri meraní úrovne kvality

Kvalimetria ako disciplína, ktorá sa zaoberá kvantitatívnym vyjadrením kvality produktov. Možnosti hodnotenia úrovne kvality pomocou výpočtov ukazovateľov úrovne kvality. Metodický postup hodnotenia úrovne kvality. Podstata hodnotenia je v porovnávaní skutočného produktu s predstavou optima kvality,...

Celý popis

Uložené v:
Podrobná bibliografia
Hlavný autor: Gejdoš, Pavol
Médium: Kapitola
Jazyk:Slovak
Predmet:
Tagy: Pridať tag
Žiadne tagy, Buďte prvý, kto otaguje tento záznam!

MARC

LEADER 00000naa$a2200000$$$4500
001 0021237
005 20231011134606.7
041 0 |a slo 
044 |a SK 
245 1 0 |a Možnosti využitia kvalimetrických metód pri meraní úrovne kvality  |c Pavol Gejdoš 
520 |a Kvalimetria ako disciplína, ktorá sa zaoberá kvantitatívnym vyjadrením kvality produktov. Možnosti hodnotenia úrovne kvality pomocou výpočtov ukazovateľov úrovne kvality. Metodický postup hodnotenia úrovne kvality. Podstata hodnotenia je v porovnávaní skutočného produktu s predstavou optima kvality, ktoré je vyjadrené normou. 
610 2 0 |a kvalita 
610 2 0 |a kvantifikácia 
610 2 0 |a metódy 
610 2 0 |a kvalimetria 
610 2 0 |a ukazovatele 
100 1 |a Gejdoš, Pavol